Las ciudades más pobladas de Francia - Estadísticas

Estadísticas generales
  • Esta prueba ha sido intentada 4.024 veces
    4.020 desde el último reinicio
  • La puntuación promedio es 10 de 20
Estadísticas de respuestas
Población Ciudad % Correcto
2 113 705 París
100%
877 215 Marsella
95%
520 774 Lyon
93%
265 328 Burdeos
78%
353 701 Niza
74%
511 684 Tolosa
73%
325 070 Nantes
68%
238 695 Lila
65%
291 709 Estrasburgo
62%
307 101 Montpellier
57%
227 830 Rennes
48%
178 478 Reims
35%
159 941 Dijón
33%
156 389 Grenoble
29%
166 462 El Havre
25%
172 569 Saint-Étienne
23%
157 555 Angers
20%
180 834 Tolón
20%
150 444 Nimes
14%
162 207 Villeurbanne
6%
No se encontraron pruebas coincidentes
Distribución de puntuación
Porcentaje de gente con cada puntuación
Porcentaje por número respondido
Historial de tus puntuaciones
No has intentado esta prueba desde el último reinicio